Sociálno-ekonomické činitele riadenia pracovných kolektívov Záverečná správa čiastkovej úlohy. ŠPEV 902529512-08

Saved in:
Bibliographic Details
Main Author: Mach, František
Format: Book
Language:Slovak
Published: Bratislava Výskumný ústav ekonomiky poľnohospodárstva a potravinárstva 1989
Tags: Add Tag
No Tags, Be the first to tag this record!

MARC

LEADER 00000nam a2200000 4500
001 c032832
005 20221215071518.2
041 0 |a slo 
044 |a SK 
245 1 0 |a Sociálno-ekonomické činitele riadenia pracovných kolektívov  |b Záverečná správa čiastkovej úlohy. ŠPEV 902529512-08  |c František Mach 
264 1 |a Bratislava  |b Výskumný ústav ekonomiky poľnohospodárstva a potravinárstva  |c 1989 
300 |a 44 s. 
100 1 |a Mach, František